Social research ethics : an examination of the merits of covert participant observation /

Bibliographic Details
Other Authors: Bulmer, Martin
Format: Book
Language:English
Published: New York : Holmes & Meier Publishers, 1982.
Subjects:

MARC

Tag First Indicator Second Indicator Subfields
LEADER 00000cam a2200000 a 4500
001 in00000097677
005 20150924085353.0
008 810428s1982 nyu b 00100 eng
010 |a  81004250  
020 |a 0841907137 
020 |a 0841907803 (pbk.) 
035 |a (OCoLC)07553917 
035 |9 AAK9301AM 
039 0 |a 2  |b 3  |c 3  |d 3  |e 3 
040 |a DLC  |c DLC  |d TXA  |d UtOrBLW 
043 |a n-us--- 
049 |a TXAM  |c [1117160] 
050 0 0 |a HM48  |b  S567 1981 
082 0 |a 300/.7/2  |2 19 
245 0 0 |a Social research ethics :  |b an examination of the merits of covert participant observation /  |c edited by Martin Bulmer. 
264 1 |a New York :  |b Holmes & Meier Publishers,  |c 1982. 
300 |a xiv, 284 pages ;  |c 23 cm. 
336 |a text  |b txt  |2 rdacontent 
337 |a unmediated  |b n  |2 rdamedia 
338 |a volume  |b nc  |2 rdacarrier 
500 |a Includes index. 
504 |a Bibliography: pages [252]-258. 
650 0 |a Sociology  |x Research  |z United States. 
650 0 |a Research  |x Moral and ethical aspects. 
650 0 |a Social scientists  |x Professional ethics. 
650 0 |a Participant observation. 
650 0 |a Social sciences  |x Fieldwork. 
700 1 |a Bulmer, Martin. 
740 0 |a Covert participant observation. 
999 |a MARS 
999 f f |s 2a609fb1-f001-3aad-b9ac-7ede8c11a89e  |i 441533dc-4264-3e21-a0d4-15cfd20380f9  |t 0 
952 f f |p ric  |a Texas A&M University  |b Rellis Campus  |c Joint Library Facility  |d Remote Storage  |t 0  |e HM48 S567 1981  |h Library of Congress classification  |i unmediated -- volume  |m A14806017696 
998 f f |a HM48 S567 1981  |t 0  |l Remote Storage